000 00506nam a2200253Ia 4500
001 073209
003 YMCAF
005 20230512160828.0
008 100717s1982 ||||||||||||||||| ||und|d
020 _a-
024 _a73209
035 _a12672
040 _aYMCAF
_beng
_cIN-KoLT
041 _aeng
082 _a005.133-COB
_bROY
100 _aROY M.K.
245 0 _aCOBOL PROGRAMMING
250 _a-
260 _bTMH
_c1982
300 _a496
653 _a-
653 _a-
942 _2ddc
_cBK
999 _c6684
_d6684